General Knowledge Quiz #1 - Statistics

General Stats
  • This quiz has been taken 119 times
  • The average score is 10 of 20
Answer Stats
Question Answer % Correct
Who is the owner of SpaceX? Elon Musk
91%
How many King Henrys of England were there? 8
87%
What is the national language of Austria? German
79%
What is the Roman numeral for 25? XXV
78%
What game consists of taking blocks out of a tall wooden tower? Jenga
74%
What is the name of Mario's brother in the Super Mario franchise? Luigi
70%
What do you call a word that is spelled the same forward and backward? Palindrome
66%
What Marvel movie is about a God getting sent to earth. Thor
59%
What is the smallest country by area in South America? Suriname
49%
Who voices Dory in Finding Nemo? Ellen DeGeneres
46%
What is the capital of Idaho? Boise
41%
What Canadian-American actor is known for his roles in "The Naked Gun" and "Airplane!"? Leslie Nielsen
40%
In what Olympic sport do athletes cross-country ski then shoot at targets using rifles? Biathlon
33%
What show's theme song claims that there are "104 days of summer vacation"? Phineas and Ferb
32%
Who is the only US president who served 2 non consecutive terms? Grover Cleveland
26%
What character always goes first in a game of Clue? Miss Scarlet
25%
What rock band is responsible for the song "Hot for Teacher"? Van Halen
22%
What is the second book in the Divergent series? Insurgent
20%
What are the bones in human fingers called? Phalanges
15%
Who is the pilot who landed US Airways flight 1549 on the Hudson River? Sully Sullenberger
9%
No matching quizzes found
Score Distribution
Percent of People with Each Score
Percentile by Number Answered
Your Score History
You have not taken this quiz